Discourse analysis / (Record no. 553)

000 -LEADER
fixed length control field 00907pam a2200277 a 4500
001 - CONTROL NUMBER
control field 2333671
003 - CONTROL NUMBER IDENTIFIER
control field OSt
005 - DATE AND TIME OF LATEST TRANSACTION
control field 20140116120831.0
008 - FIXED-LENGTH DATA ELEMENTS--GENERAL INFORMATION
fixed length control field 821216s1983 enk b 001 0 eng
010 ## - LIBRARY OF CONGRESS CONTROL NUMBER
LC control number 82023571
020 ## - INTERNATIONAL STANDARD BOOK NUMBER
International Standard Book Number 9780521284752
040 ## - CATALOGING SOURCE
Transcribing agency DLC
Modifying agency DLC
050 00 - LIBRARY OF CONGRESS CALL NUMBER
Classification number P302.B76 1983
100 1# - MAIN ENTRY--PERSONAL NAME
Personal name Brown, Gillian.
245 10 - TITLE STATEMENT
Title Discourse analysis /
Statement of responsibility, etc Gillian Brown and George Yule.
260 ## - PUBLICATION, DISTRIBUTION, ETC. (IMPRINT)
Place of publication, distribution, etc Cambridge :
Name of publisher, distributor, etc Cambridge University Press,
Date of publication, distribution, etc 1983.
300 ## - PHYSICAL DESCRIPTION
Extent xii, 288 p.
440 #0 - SERIES STATEMENT/ADDED ENTRY--TITLE
Title Cambridge textbooks in linguistics
504 ## - BIBLIOGRAPHY, ETC. NOTE
Bibliography, etc Includes bibliography and index
650 #0 - SUBJECT ADDED ENTRY--TOPICAL TERM
Topical term or geographic name as entry element Discourse analysis.
700 1# - ADDED ENTRY--PERSONAL NAME
Personal name Yule, George
856 41 - ELECTRONIC LOCATION AND ACCESS
Materials specified Table of contents
Uniform Resource Identifier <a href="http://www.loc.gov/catdir/toc/cam023/82023571.html">http://www.loc.gov/catdir/toc/cam023/82023571.html</a>
856 42 - ELECTRONIC LOCATION AND ACCESS
Materials specified Publisher description
Uniform Resource Identifier <a href="http://www.loc.gov/catdir/description/cam022/82023571.html">http://www.loc.gov/catdir/description/cam022/82023571.html</a>
906 ## - LOCAL DATA ELEMENT F, LDF (RLIN)
a 7
b cbc
c orignew
d 1
e ocip
f 19
g y-gencatlg
942 ## - ADDED ENTRY ELEMENTS (KOHA)
Source of classification or shelving scheme
Koha item type Book

No items available.


Riara University Library,
P.O. Box 49940-00100,
Nairobi, Kenya.